000 00356 a2200169 4500
001 191699
020 _a85-322-0418-X
040 _cMagnum
100 _aRocha, Ruth
240 1 0 _aMulheres de coragem
_lpor
245 1 0 _aMulheres de coragem
300 _a35
362 0 _a1999
440 1 _aFTD
697 _aLITERATURA INFANTO-JUVENIL
942 _cBK
999 _c191699
_d191699